000
00342pab a2200145 454500
008
180718b2004 xxu||||| |||| 00| 0 eng d
100
_a
Banerjee, Sumanta
245
_a
Remembering M N Roy
260
_c
2004
300
_a
p.2957-958.
362
_a
3 Jul
650
_a
Roy, M.N.
773
_a
Economic and Political Weekly
909
_a
61495
999
_c
61495
_d
61495